[Event "BL 0809 SV Mülheim Nord - Turm Emsdette"]
[Site "?"]
[Date "2008.11.30"]
[Round "6.4"]
[White "Landa, Konstantin"]
[Black "Janssen, Ruud"]
[Result "1-0"]
[WhiteElo "2613"]
[BlackElo "2524"]
[PlyCount "137"]
[EventDate "2008.??.??"]

1. Nf3 d5 2. d4 c6 3. c4 dxc4 4. e3 Be6 5. Nc3 b5 6. a4 b4 7. Ne4 Nf6 8. Ng3 h5
9. h4 Bg4 10. Qc2 Bxf3 11. gxf3 e6 12. Qxc4 a5 13. f4 Nd5 14. Ne4 Be7 15. Ng5
Ra7 16. Bg2 Rc7 17. O-O Nb6 18. Qe2 Rd7 19. b3 Bf6 20. Bb2 g6 21. Rac1 Nd5 22.
Rc4 O-O 23. Rd1 Nb6 24. Rc5 Nd5 25. Be4 Re8 26. Qf3 Qb6 27. Rdc1 Bg7 28. Qg2
Qd8 29. Nf3 Bf8 30. Ne5 Bxc5 31. dxc5 Nc3 32. Bxc3 bxc3 33. Nxd7 Qxd7 34. Rxc3
Qd1+ 35. Kh2 Rd8 36. Bxg6 fxg6 37. Qxg6+ Kf8 38. Qf6+ Ke8 39. Qxe6+ Kf8 40.
Qf6+ Ke8 41. Qg6+ Kf8 42. Qf5+ Ke8 43. Qe6+ Kf8 44. Qf6+ Ke8 45. Rc4 Qf3 46.
Qg6+ Kf8 47. Qg3 Qxg3+ 48. Kxg3 Rd5 49. b4 Na6 50. bxa5 Rxc5 51. Rd4 Ke7 52.
Re4+ Kf7 53. Re5 Rxe5 54. fxe5 Ke6 55. f4 Nc5 56. Kf3 Kd5 57. a6 Nxa6 58. e4+
Kd4 59. e6 Nc7 60. e7 Kc5 61. f5 Kd6 62. f6 Kd7 63. e5 Ne6 64. a5 Nd4+ 65. Ke3
c5 66. a6 Nc6 67. e6+ Ke8 68. Ke4 c4 69. Kd5 1-0

[Event "BL 0809 SV Mülheim Nord - Turm Emsdette"]
[Site "?"]
[Date "2008.11.30"]
[Round "6.5"]
[White "Pruijssers, Roeland"]
[Black "Fridman, Daniel"]
[Result "0-1"]
[WhiteElo "2458"]
[BlackElo "2630"]
[PlyCount "74"]
[EventDate "2008.??.??"]

1. e4 e5 2. Nf3 Nf6 3. Nxe5 d6 4. Nf3 Nxe4 5. d4 d5 6. Bd3 Nc6 7. O-O Be7 8. c4
Nb4 9. Be2 O-O 10. Nc3 Bf5 11. a3 Nxc3 12. bxc3 Nc6 13. cxd5 Qxd5 14. Re1 Rfe8
15. Bf4 Rac8 16. Nd2 Na5 17. Nf1 Qb3 18. Ne3 Qxd1 19. Raxd1 Bd7 20. Nd5 Bd6 21.
Bxd6 cxd6 22. Bf1 Kf8 23. Rxe8+ Bxe8 24. Rb1 Bd7 25. Rc1 Bf5 26. Ne3 Bg6 27.
Bb5 Nb3 28. Re1 Rxc3 29. Nc4 f6 30. Nxd6 Nxd4 31. a4 a6 32. Bf1 Rb3 33. a5 Nc6
34. Bc4 Rc3 35. Bd5 Nxa5 36. Nxb7 Nxb7 37. Bxb7 a5 0-1

[Event "BL 0809 SV Mülheim Nord - Turm Emsdette"]
[Site "?"]
[Date "2008.11.30"]
[Round "6.6"]
[White "Potkin, Vladimir"]
[Black "Brandenburg, Daan"]
[Result "1-0"]
[WhiteElo "2613"]
[BlackElo "2436"]
[PlyCount "81"]
[EventDate "2008.??.??"]

1. d4 Nf6 2. c4 c5 3. d5 b5 4. cxb5 a6 5. bxa6 g6 6. Nc3 Bxa6 7. Nf3 d6 8. g3
Bg7 9. Bg2 Nbd7 10. Rb1 Nb6 11. b3 Bc8 12. Nh4 h6 13. Qc2 Qd7 14. Bb2 g5 15.
Nf3 Bb7 16. e4 Ba6 17. h4 g4 18. Ng1 Qc8 19. a4 Rb8 20. Nd1 O-O 21. Ne3 Re8 22.
Nf5 Nbd7 23. Ne2 Bf8 24. Bc3 Ne5 25. Bxe5 dxe5 26. O-O e6 27. dxe6 Rxe6 28.
Rfd1 Reb6 29. Nc3 c4 30. bxc4 Rxb1 31. Rxb1 Rxb1+ 32. Qxb1 Qxc4 33. Nd5 Nxd5
34. exd5 Qxa4 35. Qb8 Qb4 36. Nxh6+ Kg7 37. Qxe5+ Kxh6 38. Qf6+ Kh7 39. Qxf7+
Bg7 40. Qf5+ Kh8 41. Qh5+ 1-0

[Event "BL 0809 SV Mülheim Nord - Turm Emsdette"]
[Site "?"]
[Date "2008.11.30"]
[Round "6.7"]
[White "Giri, Anish"]
[Black "Malakhatko, Vadim"]
[Result "1/2-1/2"]
[WhiteElo "2466"]
[BlackElo "2633"]
[PlyCount "37"]
[EventDate "2008.??.??"]

1. Nf3 d5 2. d4 c6 3. c4 Nf6 4. Nc3 dxc4 5. a4 e6 6. e3 c5 7. Bxc4 Nc6 8. O-O
Be7 9. dxc5 Qxd1 10. Rxd1 Bxc5 11. Ng5 Ke7 12. Bd2 Bd7 13. Nce4 Nxe4 14. Nxe4
Bb4 15. Bb5 Bxd2 16. Rxd2 Rhd8 17. Rad1 a6 18. Nc5 Be8 19. Be2 1/2-1/2

[Event "BL 0809 SV Mülheim Nord - Turm Emsdette"]
[Site "?"]
[Date "2008.11.30"]
[Round "6.8"]
[White "Berelovich, Alexander"]
[Black "Zumsande, Martin"]
[Result "1-0"]
[WhiteElo "2576"]
[BlackElo "2411"]
[PlyCount "107"]
[EventDate "2008.??.??"]

1. e4 e6 2. d4 d5 3. Nd2 Nf6 4. e5 Nfd7 5. Bd3 c5 6. c3 Nc6 7. Ne2 cxd4 8. cxd4
f6 9. exf6 Qxf6 10. Nf3 h6 11. O-O Bd6 12. Be3 O-O 13. Rc1 Rf7 14. Bb5 Ne7 15.
Ng3 Nf5 16. Nxf5 Qxf5 17. Re1 a6 18. Bd3 Qh5 19. h3 Nf8 20. Be2 Qf5 21. Ne5
Bxe5 22. Bd3 Qf6 23. dxe5 Qh4 24. Qg4 Qxg4 25. hxg4 Bd7 26. g3 Bb5 27. Bb1 Rd8
28. Bd4 g5 29. Kg2 Kg7 30. b3 Ng6 31. a4 Bd7 32. Bb6 Rh8 33. Rc7 Bc6 34. Rxf7+
Kxf7 35. Bd4 Kg7 36. Rc1 h5 37. gxh5 Rxh5 38. Kf3 Ne7 39. Kg4 Kh6 40. Bd3 Rh2
41. Be3 Rh5 42. b4 Ng6 43. f4 gxf4 44. gxf4 d4 45. Bxd4 Rh2 46. Rc2 Rh1 47. b5
axb5 48. axb5 Bd5 49. Be3 Re1 50. f5+ Rxe3 51. Rh2+ Kg7 52. f6+ Kg8 53. Bxg6
Rxe5 54. Rc2 1-0

[Event "BL 0809 SF Katernberg - Werder Bremen"]
[Site "?"]
[Date "2008.11.30"]
[Round "6.1"]
[White "Mamedyarov, Shakhriyar"]
[Black "Halkias, Stelios"]
[Result "1/2-1/2"]
[WhiteElo "2731"]
[BlackElo "2584"]
[PlyCount "72"]
[EventDate "2008.??.??"]

1. d4 d5 2. c4 e6 3. Nc3 Be7 4. cxd5 exd5 5. Bf4 c6 6. e3 Bd6 7. Qf3 Ne7 8. Bd3
O-O 9. Nge2 Bf5 10. Bxf5 Nxf5 11. g4 Nh4 12. Qg3 Be7 13. O-O-O g5 14. Bxb8 Rxb8
15. f4 b5 16. Kb1 Bd6 17. Qf2 f6 18. Ng3 Qe7 19. Rhe1 b4 20. Na4 b3 21. axb3
Rxb3 22. Qc2 Qb7 23. Nh5 Rb4 (23... Nf3 24. Rf1 (24. Re2 Qb5)) 24. Rd3 Qa6 25.
Ra3 (25. Nc3) 25... Nf3 26. Qf5 Rxb2+ (26... Be7) 27. Nxb2 Bxa3 (27... Qxa3 28.
Nxf6+ Rxf6 29. Qxf6 Nxe1) 28. Qe6+ Rf7 29. Nxf6+ Kg7 30. Ne8+ Kg8 (30... Kf8
31. Nd6 Bxd6 32. Qxd6+ Kg8 33. Rd1 gxf4 34. exf4 Qe2) 31. Nf6+ Kg7 32. Nh5+ Kf8
33. Nf6 Be7 34. Nd7+ Kg7 35. Ne5 Nxe5 36. Qxe5+ Bf6 1/2-1/2

[Event "BL 0809 SF Katernberg - Werder Bremen"]
[Site "?"]
[Date "2008.11.30"]
[Round "6.2"]
[White "Chuchelov, Vladimir"]
[Black "Eljanov, Pavel"]
[Result "1-0"]
[WhiteElo "2575"]
[BlackElo "2720"]
[PlyCount "79"]
[EventDate "2008.??.??"]

1. Nf3 Nf6 2. c4 e6 3. Nc3 d5 4. d4 Nbd7 5. cxd5 exd5 6. Bg5 h6 7. Bh4 Bb4 8.
Qc2 g5 9. Bg3 Ne4 10. Nd2 Nxg3 11. hxg3 Nb6 12. e3 c6 13. a3 Bd6 14. Bd3 Be6
15. O-O-O Qf6 16. f4 Bg4 17. Rde1 gxf4 18. e4 Qxd4 19. e5 Bc5 20. Rhf1 Nc4 21.
Bxc4 dxc4 22. Rxf4 Qd7 23. Nde4 Be7 24. Nd6+ Kd8 25. Nxf7+ Kc7 26. Nxh8 Bg5 27.
Ng6 Bf5 28. Rd1 Qf7 29. Qf2 Bxg6 30. Nb5+ cxb5 31. Qc5+ Kb8 32. Rd8+ Bxd8 33.
Rxf7 Bxf7 34. Qf8 a5 35. Qxd8+ Ka7 36. Qxa5+ Kb8 37. Qd8+ Ka7 38. Qd4+ Ka6 39.
e6 Be8 40. e7 1-0

[Event "BL 0809 SF Katernberg - Werder Bremen"]
[Site "?"]
[Date "2008.11.30"]
[Round "6.6"]
[White "Siebrecht, Sebastian"]
[Black "Meier, Georg"]
[Result "0-1"]
[WhiteElo "2451"]
[BlackElo "2558"]
[PlyCount "84"]
[EventDate "2008.??.??"]

1. c4 Nf6 2. Nf3 e6 3. g3 d5 4. Bg2 dxc4 5. Qa4+ Nbd7 6. Qxc4 a6 7. Qc2 Rb8 8.
O-O b5 9. d3 Bb7 10. Bf4 Bd6 11. Bxd6 cxd6 12. Nbd2 Rc8 13. Qb3 Nc5 14. Qb4 O-O
15. Rfc1 Nd5 16. Qd4 Na4 17. Ne4 Qe7 18. Nc3 Ndxc3 19. bxc3 Rc5 20. Nd2 Bxg2
21. Kxg2 Rfc8 22. c4 R5c7 23. Rcb1 Qd7 24. Rb4 h6 25. Rab1 d5 26. cxb5 axb5 27.
Nf3 Nc3 28. R1b2 f6 29. Qg4 e5 30. Qxd7 Rxd7 31. Rc2 Rdc7 32. d4 e4 33. Nh4 Kf7
34. Nf5 Ke6 35. Ne3 f5 36. h4 g6 37. Rd2 g5 38. hxg5 hxg5 39. Nd1 Rh8 40. Nxc3
Rch7 41. f4 gxf4 42. gxf4 Rg7+ 0-1

[Event "BL 0809 SF Katernberg - Werder Bremen"]
[Site "?"]
[Date "2008.11.30"]
[Round "6.7"]
[White "Hracek, Zbynek"]
[Black "Ris, Robert"]
[Result "1-0"]
[WhiteElo "2613"]
[BlackElo "2417"]
[PlyCount "67"]
[EventDate "2008.??.??"]

1. e4 e5 2. Nf3 Nc6 3. Bb5 Nf6 4. O-O Nxe4 5. d4 Nd6 6. Bxc6 dxc6 7. dxe5 Nf5
8. Qxd8+ Kxd8 9. Nc3 Ke8 10. h3 Be7 11. Bf4 Nh4 12. Nd4 Nf5 13. Nde2 h5 14. Ne4
Be6 15. Rfd1 a5 16. Ng5 a4 17. g3 Rd8 18. Rxd8+ Kxd8 19. Nxe6+ fxe6 20. g4 hxg4
21. hxg4 Nh4 22. Bg3 g5 23. Rd1+ Ke8 24. Rd3 Ng6 25. Nc3 a3 26. b3 Nf8 27. Ne4
Nd7 28. f3 Nc5 29. Nxc5 Bxc5+ 30. Kg2 Be7 31. Be1 Rf8 32. Bd2 Kf7 33. Rd7 Rd8
34. Rxe7+ 1-0

[Event "BL 0809 SF Katernberg - Werder Bremen"]
[Site "?"]
[Date "2008.11.30"]
[Round "6.8"]
[White "Souleidis, Georgios"]
[Black "Babula, Vlastimil"]
[Result "1/2-1/2"]
[WhiteElo "2440"]
[BlackElo "2608"]
[PlyCount "88"]
[EventDate "2008.??.??"]

1. e4 c5 2. Nf3 d6 3. d4 cxd4 4. Nxd4 Nf6 5. Nc3 e6 6. g4 h6 7. h4 Nc6 8. Rg1
d5 9. Bb5 Bd7 10. exd5 Nxd5 11. Nxd5 exd5 12. Qe2+ Be7 13. Nf5 O-O 14. Nxe7+
Nxe7 15. Bd2 Nc6 16. Bxc6 Re8 17. Be3 Bxc6 18. O-O-O Qxh4 19. Rd4 Re6 20. Qd1
Re4 21. Rxe4 dxe4 22. g5 h5 23. Qd6 Re8 24. g6 Qf6 25. gxf7+ Kxf7 26. Qc5 g6
27. Qxa7 Rd8 28. Qb6 Rd7 29. Qb4 Kg7 30. a3 Kh7 31. Qc5 Rd5 32. Qb6 Rb5 33.
Qc7+ Qg7 34. Qxg7+ Kxg7 35. b4 h4 36. c4 Rf5 37. b5 Bd7 38. Kb2 h3 39. Rh1 Rf3
40. a4 g5 41. Bxg5 Rxf2+ 42. Kc3 Rf3+ 43. Kd4 Ra3 44. Kxe4 Rxa4 1/2-1/2

[Event "BL 0809 SC Remagen - SC Kreuzberg"]
[Site "?"]
[Date "2008.11.30"]
[Round "6.1"]
[White "Socko, Bartosz"]
[Black "Fedorchuk, Sergey"]
[Result "1-0"]
[WhiteElo "2631"]
[BlackElo "2603"]
[PlyCount "75"]
[EventDate "2008.??.??"]

1. d4 Nf6 2. c4 e6 3. Nc3 Bb4 4. Qc2 O-O 5. a3 Bxc3+ 6. Qxc3 d6 7. Nf3 b6 8. e3
Nbd7 9. Be2 c5 10. b4 d5 11. dxc5 bxc5 12. O-O cxb4 13. axb4 dxc4 14. Qxc4 Bb7
15. Bb2 Qb8 16. Ra5 Bd5 17. Qd4 Rd8 18. Rfa1 Nf8 19. Qc3 Rc8 20. Qa3 Ng4 21. e4
Rc2 22. Bd1 Rxf2 23. exd5 Ng6 24. Bd4 Rxf3 25. Qxf3 Qxh2+ 26. Kf1 Qh1+ 27. Ke2
Nh2 28. Qf2 Ng4 29. Qg3 exd5 30. Qxg4 Re8+ 31. Kd2 Qe1+ 32. Kc2 h5 33. Qf3 Qxb4
34. Qc3 Qe7 35. Bf3 Qe6 36. Rxa7 Qf5+ 37. Qd3 Rc8+ 38. Bc3 1-0

[Event "BL 0809 SC Remagen - SC Kreuzberg"]
[Site "?"]
[Date "2008.11.30"]
[Round "6.3"]
[White "Luther, Thomas"]
[Black "Gharamian, Tigran"]
[Result "1/2-1/2"]
[WhiteElo "2532"]
[BlackElo "2555"]
[PlyCount "42"]
[EventDate "2008.??.??"]

1. e4 e5 2. Nf3 Nf6 3. Nxe5 d6 4. Nf3 Nxe4 5. d4 d5 6. Bd3 Bd6 7. O-O O-O 8. c4
c6 9. cxd5 cxd5 10. Nc3 Nxc3 11. bxc3 Bg4 12. Rb1 Nd7 13. h3 Bh5 14. Rb5 Nb6
15. c4 Bxf3 16. Qxf3 dxc4 17. Be4 Qd7 18. a4 Rad8 19. Bxb7 Nxa4 20. Bc6 Qe6 21.
Bd5 Qd7 1/2-1/2

[Event "BL 0809 SC Remagen - SC Kreuzberg"]
[Site "?"]
[Date "2008.11.30"]
[Round "6.5"]
[White "Figura, Atila Gajo"]
[Black "Dgebuadze, Alexandre"]
[Result "1/2-1/2"]
[WhiteElo "2412"]
[BlackElo "2544"]
[PlyCount "53"]
[EventDate "2008.??.??"]

1. d4 e6 2. c4 Nf6 3. Nc3 Bb4 4. Qc2 Nc6 5. Nf3 d6 6. a3 Bxc3+ 7. Qxc3 a5 8. d5
Nb8 9. dxe6 fxe6 10. b4 O-O 11. Bb2 Qe8 12. g3 axb4 13. axb4 Rxa1+ 14. Bxa1 Qa4
15. Bg2 Na6 16. b5 Nc5 17. Nd2 e5 18. O-O Bg4 19. f3 Bh5 20. e4 Bg6 21. Bb2 Qa7
22. Kh1 Ra8 23. Ra1 Qb8 24. Rxa8 Qxa8 25. Qa3 Qxa3 26. Bxa3 Nfd7 27. Bh3
1/2-1/2

[Event "BL 0809 SC Remagen - SC Kreuzberg"]
[Site "?"]
[Date "2008.11.30"]
[Round "6.6"]
[White "Degraeve, Jean-Marc"]
[Black "Richter, Michael"]
[Result "1-0"]
[WhiteElo "2544"]
[BlackElo "2421"]
[PlyCount "39"]
[EventDate "2008.??.??"]

1. e4 c5 2. Nf3 Nc6 3. c3 d5 4. exd5 Qxd5 5. d4 e6 6. Be3 cxd4 7. cxd4 Nf6 8.
Nc3 Bb4 9. Bd3 b6 10. O-O Bxc3 11. bxc3 Bb7 12. Re1 Qd6 13. Bg5 h6 14. Bh4
O-O-O 15. Qa4 Na5 16. Ne5 Qd5 17. f3 Rhf8 18. Rab1 Bc6 19. Nxc6 Qxc6 20. Ba6+
1-0

[Event "BL 0809 SC Remagen - SC Kreuzberg"]
[Site "?"]
[Date "2008.11.30"]
[Round "6.7"]
[White "Kalinitschew, Sergey"]
[Black "Mainka, Romuald"]
[Result "1/2-1/2"]
[WhiteElo "2492"]
[BlackElo "2482"]
[PlyCount "123"]
[EventDate "2008.??.??"]

1. d4 Nf6 2. c4 c6 3. Nc3 d5 4. Nf3 dxc4 5. a4 e6 6. e3 c5 7. Bxc4 Nc6 8. O-O
cxd4 9. exd4 Be7 10. Bg5 O-O 11. Re1 Nd5 12. h4 h6 13. Bxd5 exd5 14. Bxe7 Nxe7
15. Qb3 Rb8 16. Ne2 Nc6 17. Ne5 Bf5 18. Ng3 Be6 19. Nf3 Bg4 20. Ne5 Qxh4 21.
Qxd5 Be6 22. Qe4 Qxe4 23. Rxe4 Rfd8 24. Ne2 Nb4 25. Rc1 Rbc8 26. Rxc8 Rxc8 27.
Nc3 Nd5 28. Nxd5 Bxd5 29. Re1 Rc2 30. Nd7 f6 31. Re8+ Kf7 32. Ra8 Rc7 33. Nc5
b6 34. Rd8 Bc6 35. d5 bxc5 36. dxc6 Ke7 37. Ra8 Kd6 38. Kh2 Kxc6 39. Kg3 Rb7
40. f3 c4 41. Rc8+ Kd5 42. Rd8+ Kc5 43. Rc8+ Kd4 44. a5 Rxb2 45. Rc7 c3 46.
Rxa7 c2 47. Rc7 Kd3 48. a6 Ra2 49. Rd7+ Ke2 50. Rc7 Kd1 51. Rd7+ Kc1 52. a7 g5
53. Kg4 Kb2 54. Rb7+ Kc3 55. Rc7+ Kd3 56. Rd7+ Ke3 57. Rc7 c1=Q 58. Rxc1 Rxg2+
59. Kf5 Ra2 60. Rc3+ Kd4 61. Rc7 Ra6 62. Rf7 1/2-1/2

[Event "BL 0809 SC Remagen - SC Kreuzberg"]
[Site "?"]
[Date "2008.11.30"]
[Round "6.8"]
[White "Swinkels, Robin"]
[Black "Berger, Steve"]
[Result "0-1"]
[WhiteElo "2451"]
[BlackElo "2413"]
[PlyCount "56"]
[EventDate "2008.??.??"]

1. e4 e6 2. d4 d5 3. Nc3 Bb4 4. e5 c5 5. a3 Bxc3+ 6. bxc3 Qa5 7. Bd2 Qa4 8. Qb1
c4 9. Ne2 Nc6 10. Ng3 Bd7 11. Be2 O-O-O 12. O-O f6 13. exf6 gxf6 14. Bf3 Rf8
15. Qb2 Nge7 16. Rfe1 Ng6 17. Bg4 Nd8 18. Bh6 Rfg8 19. Nh5 Nh4 20. Bg7 Rxg7 21.
Nxg7 Rg8 22. Nxe6 Rxg4 23. Nxd8 Kxd8 24. Qxb7 Nf3+ 25. Kh1 Nxe1 26. f3 Nxc2 27.
Rb1 Rg5 28. f4 Rg7 0-1

[Event "BL 0809 SG Turm Trier - USV TU Dresden"]
[Site "?"]
[Date "2008.11.30"]
[Round "6.1"]
[White "Maiwald, Jens-Uwe"]
[Black "Parligras, Mircea"]
[Result "0-1"]
[WhiteElo "2508"]
[BlackElo "2611"]
[PlyCount "92"]
[EventDate "2008.??.??"]

1. d4 Nf6 2. c4 e6 3. Nf3 b6 4. a3 Bb7 5. Nc3 d5 6. cxd5 Nxd5 7. Qc2 Nxc3 8.
bxc3 c5 9. e4 Nd7 10. Bf4 cxd4 11. cxd4 Rc8 12. Qb3 Be7 13. Bd3 Nf6 14. Qb5+
Bc6 15. Qb1 O-O 16. O-O b5 17. Rd1 h6 18. Ne5 Bb7 19. Be3 Rc7 20. f3 a6 21. a4
b4 22. Nc4 Rd7 23. Be2 a5 24. Qa2 Ne8 25. Ne5 Rc7 26. Rac1 Rxc1 27. Rxc1 Bg5
28. f4 Bxf4 29. Bxf4 Qxd4+ 30. Kf1 Qxe4 31. Bg3 Qxg2+ 32. Ke1 Nf6 33. Qd2 Qg1+
34. Bf1 Ne4 35. Qf4 b3 36. Nd3 Qd4 37. Qe5 Qxa4 38. Bh4 Qa2 39. Qb2 g5 40. Bg3
Nxg3 41. hxg3 Qxb2 42. Nxb2 Bd5 43. Bb5 f5 44. Rc5 f4 45. g4 f3 46. Kf2 Rf4 0-1

[Event "BL 0809 SG Turm Trier - USV TU Dresden"]
[Site "?"]
[Date "2008.11.30"]
[Round "6.2"]
[White "Cyborowski, Lukasz"]
[Black "Roos, Michael"]
[Result "1/2-1/2"]
[WhiteElo "2504"]
[BlackElo "2367"]
[PlyCount "49"]
[EventDate "2008.??.??"]

1. d4 g6 2. c4 Bg7 3. Nc3 d6 4. e4 Nf6 5. Bg5 h6 6. Bh4 g5 7. Bg3 c5 8. d5 Qa5
9. Qd2 Nh5 10. Be2 Nxg3 11. hxg3 Nd7 12. f4 Nb6 13. Rc1 Na4 14. Nxa4 Qxa4 15.
b3 Qa3 16. Bh5 Bd7 17. Nf3 g4 18. Nh2 Bd4 19. Nxg4 Bxg4 20. Bxg4 Kd8 21. Bh5 f6
22. Be2 a5 23. Bd1 Kc7 24. Rh3 a4 25. Kf1 1/2-1/2

[Event "BL 0809 SG Turm Trier - USV TU Dresden"]
[Site "?"]
[Date "2008.11.30"]
[Round "6.3"]
[White "Gauglitz, Gernot"]
[Black "Lupulescu, Constantin"]
[Result "0-1"]
[WhiteElo "2397"]
[BlackElo "2594"]
[PlyCount "92"]
[EventDate "2008.??.??"]

1. c4 e6 2. d4 d5 3. Nc3 c6 4. Nf3 dxc4 5. a4 Bb4 6. e3 b5 7. Be2 Bb7 8. O-O a6
9. Ne4 Be7 10. b3 cxb3 11. Qxb3 Nf6 12. Nc5 Bxc5 13. dxc5 Nbd7 14. Ba3 O-O 15.
Rfd1 Qc7 16. Qc2 Rfd8 17. Bb2 h6 18. a5 Nf8 19. Qc3 Rxd1+ 20. Bxd1 Rd8 21. Bb3
Ne8 22. g3 Kh8 23. e4 f6 24. e5 f5 25. h4 Qe7 26. Nd4 Nc7 27. Rc1 Qf7 28. Qf3
Ng6 29. Ne2 Ne7 30. h5 Ncd5 31. Rd1 Bc8 32. Rd4 Bd7 33. Rh4 Rf8 34. Bc1 Qe8 35.
Bc2 Qb8 36. g4 Qxe5 37. g5 Ng8 38. Qd3 Qc7 39. Bb2 e5 40. Qd2 f4 41. Rh2 hxg5
42. h6 Nxh6 43. Rh5 Bf5 44. Rxg5 Qe7 45. Rh5 Qe6 46. Kf1 Qg6 0-1

[Event "BL 0809 SG Turm Trier - USV TU Dresden"]
[Site "?"]
[Date "2008.11.30"]
[Round "6.4"]
[White "Jaracz, Pawel"]
[Black "Hoffmann, Paul"]
[Result "1/2-1/2"]
[WhiteElo "2513"]
[BlackElo "2338"]
[PlyCount "46"]
[EventDate "2008.??.??"]

1. d4 e6 2. e4 d5 3. Nc3 Nf6 4. e5 Nfd7 5. f4 c5 6. Nf3 a6 7. Be3 Qb6 8. a3 Nc6
9. dxc5 Bxc5 10. Na4 Qa5+ 11. b4 Qxa4 12. bxc5 Qa5+ 13. Qd2 Qxd2+ 14. Kxd2 O-O
15. c4 Na5 16. Kc3 dxc4 17. Nd2 b5 18. cxb6 Bb7 19. Bxc4 Rac8 20. Kb4 Nc6+ 21.
Kb3 Na5+ 22. Kb4 Nc6+ 23. Kb3 Na5+ 1/2-1/2

[Event "BL 0809 SG Turm Trier - USV TU Dresden"]
[Site "?"]
[Date "2008.11.30"]
[Round "6.5"]
[White "Eichner, Sebastian"]
[Black "Erdoes, Viktor"]
[Result "1-0"]
[WhiteElo "2326"]
[BlackElo "2577"]
[PlyCount "67"]
[EventDate "2008.??.??"]

1. Nf3 d5 2. d4 Nf6 3. c4 c6 4. Nc3 Nbd7 5. e3 e6 6. Bd3 dxc4 7. Bxc4 b5 8. Bd3
a6 9. e4 c5 10. d5 Qc7 11. dxe6 fxe6 12. O-O c4 13. Bc2 Bc5 14. Kh1 Bb7 15. Ng5
Qc6 16. f4 O-O 17. Qe2 h6 18. Nf3 e5 19. Nxe5 Nxe5 20. fxe5 Ng4 21. Bf4 Qe6 22.
Nd5 Rac8 23. Rad1 Nxe5 24. Qh5 Nd3 25. Bxd3 cxd3 26. Rde1 d2 27. Bxd2 Rxf1+ 28.
Rxf1 Qxe4 29. Qf7+ Kh8 30. Qxb7 Rf8 31. Rxf8+ Bxf8 32. h3 Bd6 33. Qa8+ Kh7 34.
Nf6+ 1-0

[Event "BL 0809 SG Turm Trier - USV TU Dresden"]
[Site "?"]
[Date "2008.11.30"]
[Round "6.6"]
[White "Gonda, Laszlo"]
[Black "Loxine, Jakow"]
[Result "1-0"]
[WhiteElo "2507"]
[BlackElo "2338"]
[PlyCount "109"]
[EventDate "2008.??.??"]

1. d4 Nf6 2. c4 Nc6 3. Nf3 d6 4. Nc3 e5 5. d5 Ne7 6. e4 g6 7. Bg5 Bg7 8. Nd2
Nh5 9. g3 h6 10. Be3 f5 11. f3 O-O 12. c5 Nf6 13. Be2 fxe4 14. fxe4 Bh3 15. Qb3
Kh7 16. O-O-O Qb8 17. Kb1 a6 18. Rdg1 Bg4 19. Qd1 Bxe2 20. Qxe2 Nd7 21. cxd6
cxd6 22. h4 b5 23. h5 g5 24. Rf1 Rxf1+ 25. Rxf1 b4 26. Nd1 Nf6 27. Nf2 Qe8 28.
g4 Qd7 29. Rc1 a5 30. Nc4 Nc8 31. Bd2 Ra7 32. Ne3 Rc7 33. Rxc7 Qxc7 34. Qc4 Qd7
35. Qa6 Qc7 36. Nc4 Nd7 37. Qc6 Qd8 38. Nxd6 Qf6 39. Nf5 Qxc6 40. dxc6 Nb8 41.
c7 Na6 42. Nd3 Nxc7 43. Nc5 Nb6 44. Nb7 Nc4 45. Be1 Bf8 46. b3 Na3+ 47. Kc1 Ne6
48. Nxa5 Nc5 49. Ng3 Nb5 50. Nc6 Nd3+ 51. Kd2 Nxe1 52. Kxe1 Nc3 53. Kd2 Nxa2
54. Ne2 Bd6 55. Kc2 1-0

[Event "BL 0809 SG Turm Trier - USV TU Dresden"]
[Site "?"]
[Date "2008.11.30"]
[Round "6.7"]
[White "Graf, Felix"]
[Black "Kolbus, Dietmar"]
[Result "1-0"]
[WhiteElo "2287"]
[BlackElo "2414"]
[PlyCount "61"]
[EventDate "2008.??.??"]

1. d4 c6 2. c4 g6 3. Nc3 Bg7 4. h4 Nf6 5. e4 d6 6. h5 Nxh5 7. g4 Nf6 8. g5 Ng8
9. Be3 a6 10. f4 b5 11. Qf3 e6 12. O-O-O Ne7 13. Rh2 bxc4 14. Bxc4 d5 15. Bd3
Nd7 16. Nge2 Nf8 17. Ng3 dxe4 18. Ngxe4 Nd5 19. Bc2 Qc7 20. Ba4 Bd7 21. Rc2 Nb4
22. Re2 Rd8 23. Bf2 Bc8 24. a3 Nd5 25. Nxd5 Rxd5 26. Nf6+ Kd8 27. Nxd5 cxd5+
28. Rc2 Qb6 29. Rc6 Qa5 30. Qb3 Bd7 31. Be1 1-0

[Event "BL 0809 SG Turm Trier - USV TU Dresden"]
[Site "?"]
[Date "2008.11.30"]
[Round "6.8"]
[White "Cioara, Andrei Nestor"]
[Black "Goldberg, Alexander Dr"]
[Result "1/2-1/2"]
[WhiteElo "2452"]
[BlackElo "2374"]
[PlyCount "85"]
[EventDate "2008.??.??"]

1. d4 Nf6 2. g3 d5 3. Bg2 Bf5 4. c4 e6 5. Nc3 c6 6. Nf3 Be7 7. O-O O-O 8. b3
Ne4 9. Bb2 Nxc3 10. Bxc3 Be4 11. Nd2 Bxg2 12. Kxg2 Nd7 13. e4 dxe4 14. Nxe4 Nf6
15. Qf3 Nxe4 16. Qxe4 Bf6 17. Rfd1 Qb6 18. Rd2 Rfd8 19. Rad1 Rd7 20. f4 g6 21.
Rd3 Rad8 22. Qe1 Qc7 23. Qe3 Bg7 24. Be1 Qb6 25. Bf2 Qa6 26. a4 b5 27. axb5
cxb5 28. c5 b4 29. R3d2 Rd5 30. Qd3 Qc6 31. Qf3 Qb5 32. Qd3 Qxd3 33. Rxd3 Bf8
34. c6 Rc8 35. Rc1 Rd6 36. d5 exd5 37. Bxa7 Rdxc6 38. Rxc6 Rxc6 39. Rxd5 Rc2+
40. Kh3 f6 41. Rd3 Rc3 42. Re3 Kf7 43. Kg4 1/2-1/2

[Event "BL 0809 Hamburger SK - OSC Baden Baden"]
[Site "?"]
[Date "2008.11.30"]
[Round "6.1"]
[White "Svidler, Peter"]
[Black "Baramidze, David"]
[Result "1-0"]
[WhiteElo "2727"]
[BlackElo "2557"]
[PlyCount "63"]
[EventDate "2008.??.??"]

1. e4 e5 2. Nf3 Nc6 3. Bb5 a6 4. Ba4 Nf6 5. O-O Be7 6. Re1 b5 7. Bb3 d6 8. c3
O-O 9. h3 Nb8 10. d4 Nbd7 11. Nbd2 Bb7 12. Bc2 Re8 13. Nf1 d5 14. Nxe5 Nxe5 15.
dxe5 Nxe4 16. f3 Ng5 17. Ng3 g6 18. f4 Ne4 19. Nxe4 dxe4 20. Qe2 f5 21. Rd1 Qc8
22. a4 Bc6 23. Bb3+ Kf8 24. Be3 Rd8 25. g4 Rd3 26. Rxd3 exd3 27. Qxd3 fxg4 28.
e6 gxh3 29. Bd4 bxa4 30. Qxh3 axb3 31. f5 h5 32. fxg6 1-0

[Event "BL 0809 Hamburger SK - OSC Baden Baden"]
[Site "?"]
[Date "2008.11.30"]
[Round "6.2"]
[White "Kempinski, Robert"]
[Black "Movsesian, Sergej"]
[Result "1/2-1/2"]
[WhiteElo "2595"]
[BlackElo "2732"]
[PlyCount "53"]
[EventDate "2008.??.??"]

1. d4 d5 2. c4 c6 3. Nf3 Nf6 4. Nc3 a6 5. cxd5 cxd5 6. Bf4 Nc6 7. e3 Bf5 8. Bd3
Bxd3 9. Qxd3 e6 10. O-O Be7 11. h3 O-O 12. Rfc1 Rc8 13. Nd2 Nd7 14. a3 Na5 15.
Ne2 Nb6 16. Rxc8 Qxc8 17. Rc1 Nac4 18. Nxc4 dxc4 19. Qc2 Qd7 20. e4 Rc8 21. Be3
Na4 22. d5 exd5 23. Rd1 b5 24. Rxd5 Qe8 25. Nc3 Nxc3 26. Qxc3 h6 27. Bd4
1/2-1/2

[Event "BL 0809 Hamburger SK - OSC Baden Baden"]
[Site "?"]
[Date "2008.11.30"]
[Round "6.4"]
[White "Ftacnik, Lubomir Dr"]
[Black "Naiditsch, Arkadij"]
[Result "1/2-1/2"]
[WhiteElo "2571"]
[BlackElo "2678"]
[PlyCount "57"]
[EventDate "2008.??.??"]

1. Nf3 Nf6 2. c4 c5 3. Nc3 d5 4. cxd5 Nxd5 5. d4 Nxc3 6. bxc3 g6 7. e4 Bg7 8.
Be3 Qa5 9. Qd2 Nc6 10. Rc1 cxd4 11. cxd4 Qxd2+ 12. Kxd2 O-O 13. d5 Rd8 14. Ke1
Na5 15. Bd3 b6 16. Bg5 f6 17. Bf4 f5 18. Bc7 Rd7 19. Bb5 Bh6 20. Nd2 fxe4 21.
Bxd7 Bxd7 22. Bg3 Rd8 23. Rc7 Ba4 24. Nxe4 Rxd5 25. Rxe7 Rd1+ 26. Ke2 Rxh1 27.
Nf6+ Kf8 28. Bd6 Nc4 29. Nxh7+ 1/2-1/2

[Event "BL 0809 Hamburger SK - OSC Baden Baden"]
[Site "?"]
[Date "2008.11.30"]
[Round "6.6"]
[White "Beikert, Guenther Dr"]
[Black "Vallejo Pons, Francisco"]
[Result "0-1"]
[WhiteElo "2470"]
[BlackElo "2664"]
[PlyCount "76"]
[EventDate "2008.??.??"]

1. d4 Nf6 2. Nf3 e6 3. c4 d5 4. Nc3 c6 5. cxd5 exd5 6. Qc2 Bg4 7. Ne5 Bh5 8.
Bg5 Be7 9. e3 Bg6 10. Nxg6 hxg6 11. O-O-O Nbd7 12. f3 Nf8 13. e4 Ne6 14. Be3 a6
15. Kb1 Rc8 16. e5 b5 17. Be2 Nd7 18. f4 Nb6 19. f5 gxf5 20. Qxf5 g6 21. Qc2
Nc4 22. Bf2 Rb8 23. Ka1 a5 24. h4 a4 25. h5 g5 26. h6 Qd7 27. h7 Nf4 28. Rh6
Bf8 29. Rf6 Bg7 30. Rf5 Qe7 31. Bf1 Ra8 32. g3 Ne6 33. Be2 Rxh7 34. Rxf7 Qxf7
35. Qxh7 Ke7 36. Qh2 a3 37. b3 Nxe5 38. Bxb5 Ng4 0-1